000 00412nam a22001697a 4500
003 OSt
008 250213b |||||||| |||| 00| 0 eng d
020 _a81-7041-982-4 (Set)
041 _aeng
082 _a020
_bPAN/HA
100 _aPanda, BD
_97131
245 _aHandbook of Library Manual Vol.1
250 _a1st
260 _aNew Delhi:
_bAnmol Publications Pvt Ltd,
_c1994
300 _a316p.
942 _cBK
999 _c19364
_d19364